000 00604nam a22002297a 4500
005 20170124110017.0
010 _a080551
020 _c00.00
035 _a080551
037 _bCen Lib/Ret
040 _aDPL
_bEN
082 _a301.2
_bKAB
100 _aKabir, Humayun
_918891
245 _aThe Indian heritage /
_cby Humayun Kabir
250 _arev. enl. 3rd ed
260 _aBombay
_bAsia Publishing House
_c1946
270 _bBombay
300 _ax170p.
_c17cm(Hb)
650 _aManners and customs
_918892
650 _aCivilization
_915651
942 _2ddc
_cEN
_h301.2
_mKAB
999 _c126932
_d126932